| 000 | 00674nam a2200229 i 4500 | ||
|---|---|---|---|
| 001 | 108664 | ||
| 003 | ES-MaACL | ||
| 005 | 20250828090938.0 | ||
| 007 | t| | ||
| 008 | 061121s1961 sp r ||||1| spa d | ||
| 080 | _a173.1 | ||
| 100 | 1 |
_aMonsegú, Bernardo. _982291 |
|
| 245 | 1 | 0 |
_aMarido y mujer / _cBernardo G. Monsegú, C.P. |
| 260 |
_aMadrid : _bSociedad de Educación Atenas, _c1961. |
||
| 300 |
_a302 p. ; _c20 cm. |
||
| 490 | 1 | _aColección "Familia" | |
| 650 | 7 |
_aMatrimonio _2embne _914855 |
|
| 710 | 2 |
_aSociedad de Educación Atenas _96665 |
|
| 830 | 1 |
_aColección "Familia" _9218762 |
|
| 852 | 4 |
_aES-MaACL _jC-20698 |
|
| 999 |
_c108664 _d108664 |
||